[Event "BRA-ch U12 Girls"]
[Site "Florianopolis"]
[Date "2019.04.20"]
[Round "4"]
[White "May, Taina Beckauser"]
[Black "Grigoli, Maria Eduarda"]
[Result "0-1"]
[WhiteElo "1055"]
[BlackElo "1796"]
[PlyCount "51"]
[EventDate "2019.04.18"]
[EventType "swiss"]
[EventRounds "6"]
[EventCountry "BRA"]
[SourceTitle "CBM 190 Extra"]
[Source "ChessBase"]
[SourceDate "2019.07.15"]
[SourceVersion "1"]
[SourceVersionDate "2019.07.15"]
[SourceQuality "1"]

1. e4 e5 2. Nf3 Nc6 3. Bb5 Bd6 4. d3 a6 5. Ba4 b5 6. Bb3 Nf6 7. 0-0 0-0 8. Bg5 h6 9. Bh4 Bc5 10. Nbd2 d6 11. c3 Be6 12. Re1 Bxb3 13. Nxb3 Qe7 14. d4 Ba7 15. Rc1 Nd8 16. Qd2 Ne6 17. dxe5 dxe5 18. Nxe5 Rad8 19. Qc2 Nf4 20. Nc6 Qe6 21. Nxd8 Rxd8 22. Rcd1 Re8 23. e5 Ng4 24. Qd2 Qf5 25. Qd7 Qh5 26. Qxe8+ 0-1